000
00318nam a22001337a 4500
005
20260401101015.0
008
260401b |||||||| |||| 00| 0 eng d
041
_a
eng
100
_a
PRIYANSHU TRIPATHI
_9
8916
245
_a
THE INTERNSHIP DIERY
260
_a
NEW DELHI
_b
NAVJAGARAN
_c
2022
300
_a
75;P
942
_c
BB
999
_c
9111
_d
9109